[Event "10. OSIJEK OPEN"]
[Site "Osijek"]
[Date "2017.02.24"]
[Round "3.29"]
[White "Mandaric, Fran"]
[Black "Nemet, Tomica"]
[Result "1/2-1/2"]
[WhiteElo "1643"]
[BlackElo "1659"]
[PlyCount "40"]
[EventDate "2017.02.23"]

1. e4 c5 2. Nc3 d6 3. f4 e6 4. Nf3 Nh6 5. Bb5+ Bd7 6. Bxd7+ Nxd7 7. d3 Be7 8.
O-O Nf6 9. h3 O-O 10. Qe1 Kh8 11. f5 Nfg8 12. g4 exf5 13. exf5 f6 14. Nd5 Re8
15. Nxe7 Rxe7 16. Qh4 Qb6 17. c3 Rae8 18. Nh2 Re2 19. g5 fxg5 20. Bxg5 Qxb2
1/2-1/2

[Event "10. OSIJEK OPEN"]
[Site "Osijek"]
[Date "2017.02.24"]
[Round "3.30"]
[White "Macanga, Branko"]
[Black "Borzan, Matej"]
[Result "1-0"]
[WhiteElo "1900"]
[BlackElo "1556"]
[PlyCount "85"]
[EventDate "2017.02.23"]

1. Nf3 Nc6 2. c4 e5 3. d3 Bb4+ 4. Nbd2 Nf6 5. a3 Be7 6. b4 a6 7. b5 axb5 8.
cxb5 Nd4 9. Nxe5 Nxb5 10. Qb3 Nd6 11. g3 c6 12. Bg2 Qc7 13. Bb2 b5 14. O-O O-O
15. Rfe1 Bb7 16. e4 Nc8 17. d4 Na7 18. Nd3 Rac8 19. e5 Ne8 20. Nc5 Bxc5 21.
dxc5 Kh8 22. Ne4 Qd8 23. Red1 Nc7 24. Nd6 Rb8 25. Nxb7 Rxb7 26. Qc3 Ne6 27.
Rac1 Qg5 28. Rd2 Qe7 29. Rdc2 Rd8 30. f4 Rg8 31. f5 Nf8 32. f6 Qe8 33. fxg7+
Rxg7 34. e6 Nxe6 35. Bh3 Qf8 36. Bxe6 fxe6 37. Rf2 Qe7 38. Rcf1 Kg8 39. Rf8+
Qxf8 40. Rxf8+ Kxf8 41. Qxg7+ Ke8 42. Bf6 b4 43. Qg8# 1-0

[Event "10. OSIJEK OPEN"]
[Site "Osijek"]
[Date "2017.02.24"]
[Round "3.31"]
[White "Ristanic, Petar"]
[Black "Juric, Matea"]
[Result "1-0"]
[WhiteElo "1787"]
[BlackElo "1312"]
[PlyCount "62"]
[EventDate "2017.02.23"]

1. e4 e5 2. Nf3 Nc6 3. Bb5 d6 4. c3 Nf6 5. d3 Bd7 6. O-O Be7 7. Re1 h6 8. Nbd2
O-O 9. Nf1 a6 10. Ba4 Bg4 11. h3 Bh5 12. Ng3 Bg6 13. Nh4 Bh7 14. Nhf5 Bxf5 15.
Nxf5 Kh7 16. Be3 Rh8 17. Bb3 Kg8 18. Bd5 Qd7 19. Bb3 d5 20. exd5 Qxf5 21. dxc6
bxc6 22. Qe2 Bd6 23. Rad1 Re8 24. Ba4 Qd7 25. Bc1 Nd5 26. Qe4 Ne7 27. c4 f5 28.
Qf3 Bc5 29. Rxe5 Bb6 30. Rde1 Kh7 31. Qe2 Ba5 1-0

[Event "10. OSIJEK OPEN"]
[Site "Osijek"]
[Date "2017.02.24"]
[Round "3.32"]
[White "Juric, Ester"]
[Black "Galonja, Igor"]
[Result "0-1"]
[WhiteElo "1455"]
[BlackElo "1729"]
[PlyCount "64"]
[EventDate "2017.02.23"]

1. d4 d5 2. c4 Nf6 3. Nc3 e6 4. a3 Be7 5. Nf3 O-O 6. g3 b6 7. Bg2 Bb7 8. b3 c5
9. O-O Nc6 10. e3 dxc4 11. bxc4 Na5 12. Ne5 Bxg2 13. Kxg2 Qc7 14. Kg1 cxd4 15.
Qxd4 Nb3 16. Nb5 Qb7 17. Qb2 Nxa1 18. Qxa1 Ne4 19. f3 Nc5 20. Nd4 f6 21. Nec6
e5 22. Nxe7+ Qxe7 23. Nf5 Qd7 24. e4 Nb3 25. Qa2 Nxc1 26. Rxc1 g6 27. Nh6+ Kg7
28. Ng4 Rfd8 29. Qb1 Qd4+ 30. Kh1 Qd3 31. f4 Qf3+ 32. Kg1 Qxg4 0-1

[Event "10. OSIJEK OPEN"]
[Site "Osijek"]
[Date "2017.02.24"]
[Round "3.33"]
[White "Medved, Dorian"]
[Black "Trepsic, Zvonimir"]
[Result "0-1"]
[WhiteElo "1356"]
[BlackElo "1657"]
[PlyCount "98"]
[EventDate "2017.02.23"]

1. e4 c5 2. Nf3 d6 3. d4 cxd4 4. Nxd4 Nf6 5. Nc3 g6 6. Bd3 Bg7 7. O-O O-O 8.
Re1 Nbd7 9. Be3 Ne5 10. Be2 Bd7 11. Nf3 Nfg4 12. Qd2 a6 13. Rad1 Nxe3 14. Qxe3
Rc8 15. Nxe5 Bxe5 16. Rd2 Be6 17. a3 Qa5 18. Nd1 Rxc2 19. b4 Qc7 20. Rxc2 Qxc2
21. Bd3 Qb3 22. Bf1 Qxe3 23. Rxe3 Rc8 24. Be2 Rc1 25. Kf1 Bd7 26. Ke1 Ra1 27.
Kd2 Bf4 28. Nc3 Bxe3+ 29. Kxe3 Rxa3 30. Kd4 e5+ 31. Kc4 Bb5+ 32. Nxb5 axb5+ 33.
Kxb5 Ra2 34. Bf3 Kf8 35. Kb6 Rb2 36. b5 Ke7 37. Bd1 Kd8 38. Bg4 h5 39. Bh3 g5
40. Bf5 Rxf2 41. Kxb7 Rxg2 42. h3 g4 43. hxg4 hxg4 44. b6 g3 45. Kb8 Rb2 46. b7
g2 47. Ka8 Ra2+ 48. Kb8 g1=Q 49. Bd7 Qa7# 0-1

[Event "10. OSIJEK OPEN"]
[Site "Osijek"]
[Date "2017.02.24"]
[Round "4.1"]
[White "Bender, Ivan"]
[Black "Grandic, Zvjezdan"]
[Result "1/2-1/2"]
[WhiteElo "2240"]
[BlackElo "2201"]
[PlyCount "126"]
[EventDate "2017.02.23"]

1. Nf3 d5 2. d4 e6 3. g3 Nf6 4. c4 c5 5. Bg2 Nc6 6. cxd5 Nxd5 7. O-O Qb6 8. e4
Nf6 9. d5 Nd4 10. Nc3 Nxf3+ 11. Qxf3 Bd6 12. Qe2 Be5 13. dxe6 Bxe6 14. Nd5 Qa6
15. Qxa6 bxa6 16. Bf4 Bxf4 17. Nxf4 Rb8 18. b3 Ke7 19. Rac1 Rhc8 20. Nxe6 fxe6
21. Rc4 Rb4 22. Rfc1 Rxc4 23. Rxc4 Nd7 24. Ra4 c4 25. Rxc4 Rxc4 26. bxc4 Kd6
27. f4 Kc5 28. Bh3 Nf8 29. Kf2 Kd4 30. e5 g5 31. fxg5 Kxc4 32. Bf1+ Kd4 33.
Bxa6 Ng6 34. Bc8 Kxe5 35. Ke3 Ne7 36. Bb7 Kf5 37. h4 Kg4 38. Be4 Kxg3 39. Bxh7
Kxh4 40. g6 Nf5+ 41. Kf4 Kh5 42. Ke5 Ng7 43. Kf6 Kh6 44. Bg8 Nh5+ 45. Kxe6 Nf4+
46. Kf6 Nxg6 47. Bc4 Nf8 48. Bb5 Ng6 49. a3 a5 50. Kf5 Kg7 51. Be8 Nh4+ 52. Ke4
Kf8 53. Bh5 Ke7 54. Kd5 Kd7 55. Kc5 Kc7 56. Kb5 Kb7 57. Be8 Nf5 58. Bc6+ Ka7
59. Kxa5 Nd4 60. Be4 Ne6 61. Kb5 Nd4+ 62. Kc4 Ne6 63. Bf5 Nf4 1/2-1/2

[Event "10. OSIJEK OPEN"]
[Site "Osijek"]
[Date "2017.02.24"]
[Round "4.3"]
[White "Kejzar, Petra"]
[Black "Stocko, Josip"]
[Result "0-1"]
[WhiteElo "2044"]
[BlackElo "2348"]
[PlyCount "84"]
[EventDate "2017.02.23"]

1. e4 c5 2. Nf3 d6 3. d4 cxd4 4. Qxd4 a6 5. Be2 Nc6 6. Qe3 Nf6 7. h3 e6 8. O-O
Be7 9. Rd1 Qc7 10. c4 O-O 11. Nc3 Ne5 12. b3 Nxf3+ 13. Bxf3 Rd8 14. Bb2 Bd7 15.
Rac1 Rac8 16. Be2 Qb8 17. a4 Be8 18. a5 h6 19. Ra1 e5 20. Bg4 Nxg4 21. hxg4 Bg5
22. Qe2 b6 23. axb6 Qxb6 24. Ra3 Bc6 25. g3 Rd7 26. Kg2 Qb7 27. Nd5 Bd8 28. f3
Ra8 29. Bc1 Qb8 30. Be3 Rb7 31. Qc2 a5 32. Bd2 Bxd5 33. exd5 Bb6 34. b4 axb4
35. Rxa8 Qxa8 36. Bxb4 Ra7 37. Rd2 Ra1 38. Bxd6 Rg1+ 39. Kh3 Qa1 40. c5 Qf1+
41. Kh4 g5+ 42. Kh5 Qh3# 0-1

[Event "10. OSIJEK OPEN"]
[Site "Osijek"]
[Date "2017.02.24"]
[Round "4.4"]
[White "Roklicer, Heike"]
[Black "Ascic, Anto"]
[Result "1/2-1/2"]
[WhiteElo "1992"]
[BlackElo "2134"]
[PlyCount "83"]
[EventDate "2017.02.23"]

1. d4 d5 2. c4 e6 3. Nc3 a6 4. Nf3 dxc4 5. a4 Nc6 6. e3 Na5 7. Ne5 c5 8. Nxc4
Nxc4 9. Bxc4 cxd4 10. exd4 Nf6 11. Be3 Bd6 12. h3 O-O 13. Be2 Qb6 14. Qc2 Nd5
15. Nxd5 exd5 16. O-O Be6 17. Bf3 Rac8 18. Qb1 g6 19. Rc1 Rxc1+ 20. Qxc1 Rc8
21. Qd2 Bb4 22. Qd1 Be7 23. Rc1 Rxc1 24. Qxc1 Qa5 25. b3 Bd6 26. Qd2 Qb6 27.
Qc3 Bb4 28. Qc2 Bf5 29. Qc1 Qc6 30. Qb2 b5 31. axb5 Qxb5 32. Qc1 Bd6 33. Qc3
Kg7 34. Bd2 Be6 35. Qe3 a5 36. Qe1 Qxb3 37. Bxa5 Qd3 38. Qe3 Qb1+ 39. Qe1 Qb3
40. Bc3 Qc2 41. Qd2 Qb1+ 42. Qe1 1/2-1/2

[Event "10. OSIJEK OPEN"]
[Site "Osijek"]
[Date "2017.02.24"]
[Round "4.5"]
[White "Cajzler, Hinko"]
[Black "Lovric, Petar"]
[Result "1/2-1/2"]
[WhiteElo "2086"]
[BlackElo "2035"]
[PlyCount "68"]
[EventDate "2017.02.23"]

1. d4 Nf6 2. c4 e5 3. dxe5 Ng4 4. Nf3 Nc6 5. h3 Ngxe5 6. Nxe5 Nxe5 7. e3 Bb4+
8. Bd2 Bxd2+ 9. Qxd2 O-O 10. Nc3 d6 11. Be2 Be6 12. b3 Qg5 13. Kf1 Ng6 14. f4
Qh4 15. Ne4 Bf5 16. g3 Qe7 17. Nc3 Be4 18. Rh2 Rfe8 19. Re1 Rad8 20. Qd4 a6 21.
Nxe4 Qxe4 22. Qxe4 Rxe4 23. Bf3 Re7 24. Bxb7 a5 25. Rd2 Nf8 26. Kf2 Ne6 27. Bc6
Rb8 28. Bd5 Nc5 29. g4 Kf8 30. g5 g6 31. h4 Kg7 32. Bf3 Rb4 33. Bc6 Rb6 34. Bf3
Rb4 1/2-1/2

[Event "10. OSIJEK OPEN"]
[Site "Osijek"]
[Date "2017.02.24"]
[Round "4.6"]
[White "Kovacevic, Srecko"]
[Black "Grguric, Damir"]
[Result "1-0"]
[WhiteElo "2070"]
[BlackElo "2001"]
[PlyCount "55"]
[EventDate "2017.02.23"]

1. Nf3 c5 2. b3 Nf6 3. Bb2 e6 4. e3 a6 5. d4 Nc6 6. a3 Be7 7. Bd3 b6 8. O-O Bb7
9. Nbd2 Qc7 10. Qe2 h6 11. Ne5 d6 12. Ng4 d5 13. dxc5 bxc5 14. Nxf6+ Bxf6 15.
Bxf6 gxf6 16. c4 d4 17. Ne4 Qe7 18. b4 Rg8 19. bxc5 O-O-O 20. Nd6+ Rxd6 21.
cxd6 Qxd6 22. f3 Qc5 23. Rfe1 dxe3 24. Qxe3 Nd4 25. Kh1 f5 26. Rab1 h5 27. Rb4
Rg6 28. Bxf5 1-0

[Event "10. OSIJEK OPEN"]
[Site "Osijek"]
[Date "2017.02.24"]
[Round "4.7"]
[White "Brkic, Valent"]
[Black "Boban, Sten"]
[Result "1/2-1/2"]
[WhiteElo "1911"]
[BlackElo "2082"]
[PlyCount "91"]
[EventDate "2017.02.23"]

1. c4 b6 2. Nf3 Bb7 3. g3 Bxf3 4. exf3 c5 5. Bg2 Nc6 6. O-O e6 7. b3 Nf6 8. Bb2
Be7 9. f4 Qc7 10. d4 cxd4 11. Bxd4 Rd8 12. Bb2 O-O 13. Nc3 a6 14. Rc1 Qb8 15.
Re1 d5 16. cxd5 Nb4 17. Qe2 Nfxd5 18. Ne4 Nxa2 19. Be5 Nxc1 20. Qg4 Qxe5 21.
fxe5 Nxb3 22. Rb1 Nc5 23. Nf6+ Nxf6 24. exf6 Bxf6 25. Rxb6 Bd4 26. Rb4 e5 27.
Bc6 Nd3 28. Ra4 Nxf2 29. Qf5 Rd6 30. Bb7 Rf6 31. Qh5 a5 32. Kg2 Nd3 33. h4 Rb8
34. Rxa5 h6 35. Ra8 Rxa8 36. Bxa8 Rf2+ 37. Kh3 Ra2 38. Bd5 Rf2 39. Qg4 Nc5 40.
Qc8+ Kh7 41. Qe8 Ne6 42. Bxe6 fxe6 43. Qxe6 Rf6 44. Qe8 Rf3 45. h5 Rf6 46. Kg4
1/2-1/2

[Event "10. OSIJEK OPEN"]
[Site "Osijek"]
[Date "2017.02.24"]
[Round "4.8"]
[White "Tomasic, Dragutin"]
[Black "Klem, Davor"]
[Result "0-1"]
[WhiteElo "1843"]
[BlackElo "2058"]
[PlyCount "100"]
[EventDate "2017.02.23"]

1. e4 Nc6 2. Nf3 e5 3. Bb5 Nge7 4. c3 d5 5. exd5 Qxd5 6. Qe2 Bg4 7. Bc4 Qd6 8.
h3 Bh5 9. d3 O-O-O 10. O-O Bg6 11. Nbd2 Bxd3 12. Bxd3 Qxd3 13. Qxd3 Rxd3 14.
Nc4 f6 15. Ne3 Ng6 16. g3 Bc5 17. Ne1 Rd7 18. b4 Bxe3 19. Bxe3 Nge7 20. b5 Na5
21. Rc1 Nc4 22. Nc2 Nd5 23. Rfe1 Rhd8 24. Nb4 Ncxe3 25. fxe3 Nxb4 26. cxb4 Rd2
27. a4 Ra2 28. a5 Rdd2 29. b6 axb6 30. axb6 Rg2+ 31. Kh1 Rgc2 32. bxc7 Kxc7 33.
h4 Rab2 34. h5 h6 35. Red1 Rxc1 36. Rxc1+ Kd7 37. Rc4 Ke6 38. Kg1 Kf5 39. g4+
Kg5 40. Kf1 b5 41. Re4 Rh2 42. Kg1 Rh4 43. Kf2 Rxg4 44. Kf3 Rg1 45. Kf2 Rb1 46.
Kg3 Rg1+ 47. Kf2 Rh1 48. Kg3 Kxh5 49. Kg2 Rh4 50. Kf3 g5 0-1

[Event "10. OSIJEK OPEN"]
[Site "Osijek"]
[Date "2017.02.24"]
[Round "4.9"]
[White "Cenkovcan, Andrija"]
[Black "Dabic, Stjepan"]
[Result "1-0"]
[WhiteElo "2030"]
[BlackElo "1867"]
[PlyCount "121"]
[EventDate "2017.02.23"]

1. e4 c5 2. Ne2 d6 3. Nbc3 Nf6 4. d3 g6 5. g3 Bg7 6. Bg2 Nc6 7. h3 O-O 8. O-O
Rb8 9. f4 Bd7 10. g4 b5 11. f5 b4 12. Nb1 Ne5 13. Nd2 Qc7 14. Nf3 c4 15. Nxe5
dxe5 16. d4 Bc6 17. d5 Bb5 18. c3 a5 19. Qe1 Ba6 20. Qh4 Rfd8 21. Ng3 a4 22.
Bd2 a3 23. bxa3 b3 24. axb3 cxb3 25. Rfb1 Bd3 26. Rb2 Qc4 27. Re1 Rdc8 28. Qg5
Qc5+ 29. Qe3 Qxe3+ 30. Rxe3 Bc2 31. g5 Nd7 32. Re1 Nc5 33. Rc1 Na4 34. Rcxc2
bxc2 35. Rxc2 Rb2 36. Rxb2 Nxb2 37. Bf1 Nc4 38. Bc1 Nd6 39. Bd2 gxf5 40. Nxf5
Nxf5 41. exf5 Ra8 42. c4 Rxa3 43. f6 exf6 44. d6 fxg5 45. c5 e4 46. c6 Be5 47.
c7 Ra8 48. Bb4 f5 49. Ba6 Bd4+ 50. Kf1 Bb6 51. Bc5 Ba5 52. Ba7 Kg7 53. Bb8 Rxa6
54. c8=Q Rb6 55. Qxf5 Rb1+ 56. Ke2 Re1+ 57. Kf2 Bd2 58. d7 e3+ 59. Kg2 Re2+ 60.
Kg3 Rf2 61. Be5+ 1-0

[Event "10. OSIJEK OPEN"]
[Site "Osijek"]
[Date "2017.02.24"]
[Round "4.10"]
[White "Imsirovic, Alen"]
[Black "Radikovic, Anamarija"]
[Result "0-1"]
[WhiteElo "1971"]
[BlackElo "1849"]
[PlyCount "78"]
[EventDate "2017.02.23"]

1. e4 d5 2. exd5 Nf6 3. Nc3 Nxd5 4. Nxd5 Qxd5 5. Qf3 Qc5 6. c3 e5 7. b4 Qd6 8.
Bc4 Qg6 9. Ne2 Bd6 10. Ng3 c6 11. Bd3 Qg4 12. Qxg4 Bxg4 13. Nf5 Bf8 14. f3 Bxf5
15. Bxf5 Nd7 16. f4 Bd6 17. fxe5 Nxe5 18. d4 Ng6 19. O-O O-O 20. Bd2 Rfe8 21.
Rae1 Ne7 22. Bc2 Nd5 23. Bb3 h6 24. c4 Nf6 25. Bxh6 Rxe1 26. Rxe1 gxh6 27. Rf1
Kg7 28. c5 Bc7 29. a4 Rd8 30. Rd1 Ng4 31. h3 Bh2+ 32. Kh1 Nf2+ 33. Kxh2 Nxd1
34. Bxd1 Rxd4 35. Be2 Rxb4 36. a5 Ra4 37. a6 bxa6 38. Bf3 Rc4 39. Bxc6 Rxc5 0-1

[Event "10. OSIJEK OPEN"]
[Site "Osijek"]
[Date "2017.02.24"]
[Round "4.11"]
[White "Lovakovic, Franjo"]
[Black "Mravunac, Branko"]
[Result "0-1"]
[WhiteElo "1877"]
[BlackElo "1970"]
[PlyCount "56"]
[EventDate "2017.02.23"]

1. e4 d6 2. d4 Nf6 3. Nc3 c6 4. Be2 Qa5 5. f3 e5 6. dxe5 dxe5 7. Bd2 Qc7 8. Be3
Bb4 9. a3 Bxc3+ 10. bxc3 O-O 11. c4 Be6 12. Qd2 c5 13. Bd3 Rd8 14. Qc3 b6 15.
Ne2 Nc6 16. f4 Ng4 17. Bc1 Nd4 18. h3 Nf6 19. fxe5 Nxe2 20. Kxe2 Nh5 21. Kf2
Qe7 22. g3 g6 23. h4 Qc7 24. Be2 Rd4 25. Bd3 Qxe5 26. Rg1 Bg4 27. Kg2 Qxg3+ 28.
Kf1 Bh3+ 0-1

[Event "10. OSIJEK OPEN"]
[Site "Osijek"]
[Date "2017.02.24"]
[Round "4.12"]
[White "Ljubicic, Ninoslav"]
[Black "Oberman, Hotimir"]
[Result "1/2-1/2"]
[WhiteElo "1821"]
[BlackElo "1918"]
[PlyCount "93"]
[EventDate "2017.02.23"]

1. e4 e6 2. Nf3 d5 3. exd5 exd5 4. Be2 Bd6 5. Nc3 c6 6. d4 Nf6 7. Bg5 h6 8. Bh4
Bg4 9. Qd2 Nbd7 10. h3 Bf5 11. O-O-O Qc7 12. Kb1 O-O-O 13. Bd3 Be4 14. Rde1 g5
15. Bg3 Bxf3 16. gxf3 Bxg3 17. fxg3 Qxg3 18. b4 Rhe8 19. b5 c5 20. Rxe8 Rxe8
21. Bf5 Qxf3 22. Bxd7+ Nxd7 23. Re1 Re6 24. Rxe6 fxe6 25. dxc5 Nxc5 26. Qd4 Nd7
27. Kb2 e5 28. Qxa7 d4 29. Na4 Qe2 30. Qa8+ Kc7 31. b6+ Kd6 32. Qxb7 Qb5+ 33.
Kc1 Qxa4 34. Qc7+ Kd5 35. b7 Qa3+ 36. Kd1 Qf3+ 37. Kc1 Qf1+ 38. Kd2 Qf2+ 39.
Kd1 Qf1+ 40. Kd2 Qb5 41. Qxd7+ Qxd7 42. b8=Q Ke4 43. Qa8+ Qd5 44. Qh8 Qa5+ 45.
Ke2 Qb5+ 46. Kf2 Kd5 47. Qd8+ 1/2-1/2

[Event "10. OSIJEK OPEN"]
[Site "Osijek"]
[Date "2017.02.24"]
[Round "4.13"]
[White "Berke, Ana"]
[Black "Turicar, Goran"]
[Result "1-0"]
[WhiteElo "2185"]
[BlackElo "1860"]
[PlyCount "58"]
[EventDate "2017.02.23"]

1. e4 c5 2. Nf3 e6 3. c4 Nc6 4. Be2 Qc7 5. O-O Nf6 6. Nc3 a6 7. a3 Be7 8. d4
cxd4 9. Nxd4 O-O 10. Be3 d6 11. Rc1 Bd7 12. f3 Ne5 13. b4 Qd8 14. f4 Nc6 15.
Nb3 Rc8 16. Qd2 h5 17. b5 Na5 18. Nxa5 Qxa5 19. Nd5 Qxd2 20. Nxe7+ Kh8 21. Bxd2
Rfe8 22. e5 Ne4 23. Bb4 a5 24. Bxd6 Nxd6 25. exd6 g6 26. c5 Rcd8 27. c6 bxc6
28. bxc6 Bc8 29. Nxc8 Rxc8 1-0

[Event "10. OSIJEK OPEN"]
[Site "Osijek"]
[Date "2017.02.24"]
[Round "4.14"]
[White "Rendulic, Dragan"]
[Black "Oreskovic, Pero"]
[Result "1/2-1/2"]
[WhiteElo "1742"]
[BlackElo "1975"]
[PlyCount "57"]
[EventDate "2017.02.23"]

1. d4 Nf6 2. Nf3 g6 3. c4 c5 4. Nc3 Bg7 5. e3 O-O 6. Be2 a6 7. O-O Qc7 8. h3 d6
9. d5 b5 10. cxb5 Bb7 11. bxa6 Bxa6 12. Bxa6 Nxa6 13. a4 Nb4 14. e4 c4 15. Be3
Rfb8 16. Nd2 Nd7 17. Nb5 Qc8 18. Bd4 Bxd4 19. Nxd4 Ne5 20. Nb5 Qc5 21. Nf3 Ned3
22. Qd2 Kg7 23. h4 h5 24. Ng5 Na6 25. Qc3+ Kg8 26. b3 Ne5 27. bxc4 Nxc4 28.
Rfc1 Ne5 29. Qd2 1/2-1/2

[Event "10. OSIJEK OPEN"]
[Site "Osijek"]
[Date "2017.02.24"]
[Round "4.15"]
[White "Djuric, Milan"]
[Black "Zagorscak, Dino"]
[Result "0-1"]
[WhiteElo "1940"]
[BlackElo "1811"]
[PlyCount "166"]
[EventDate "2017.02.23"]

1. e4 e6 2. d4 d5 3. Nc3 Nf6 4. e5 Nfd7 5. f4 g6 6. Nf3 a6 7. Bd3 c5 8. Be3 Nc6
9. Qd2 b5 10. a3 Qb6 11. Bf2 cxd4 12. Ne2 Nc5 13. Nexd4 Nxd3+ 14. Qxd3 Bc5 15.
O-O Bb7 16. b4 Bxd4 17. Nxd4 Nxd4 18. Bxd4 Qc6 19. c3 Qc4 20. Qg3 Qc7 21. Bc5
a5 22. Qg5 h6 23. Qh4 a4 24. Rad1 Qd8 25. Qh3 Qc7 26. Bd6 Qb6+ 27. Bc5 Qc7 28.
Qd3 Qc6 29. Rf3 O-O-O 30. Rg3 Rhg8 31. Qe3 h5 32. Rg5 Qe8 33. Bb6 d4 34. cxd4
Rd5 35. Rc1+ Kb8 36. Rc7 Rd7 37. Rc5 Rd5 38. Rc2 Qe7 39. Qe2 Rc8 40. Bc5 Qd7
41. Bd6+ Ka8 42. Rxc8+ Qxc8 43. Bc5 Qc6 44. Rg3 Rd8 45. Rc3 Qe4 46. Qxe4 Bxe4
47. Bd6 Rd7 48. Rc5 Bd3 49. Kf2 Kb7 50. Ke3 Bc4 51. Kf3 Bd3 52. Kg3 Bf1 53. Rc1
Bc4 54. Kh4 Kc6 55. Kg5 Kd5 56. Bc5 Ke4 57. Rc3 Rd5 58. Kf6 Rd7 59. Rf3 Be2 60.
Rc3 Bc4 61. g3 Kd5 62. Re3 Bb3 63. h3 Bc4 64. g4 hxg4 65. hxg4 Bf1 66. Rg3 Ke4
67. Kg5 Rd8 68. Rg1 Bh3 69. Rg3 Rh8 70. Rc3 Bf1 71. Rc1 Bc4 72. Rc3 Rh1 73. Rg3
Ra1 74. Rh3 Bb3 75. Rh7 Rxa3 76. Rxf7 Ra1 77. Ra7 a3 78. Kxg6 Kxf4 79. Kf6 Kxg4
80. d5 Bxd5 81. Rg7+ Kf3 82. Rh7 a2 83. Rh3+ Kg4 0-1

[Event "10. OSIJEK OPEN"]
[Site "Osijek"]
[Date "2017.02.24"]
[Round "4.16"]
[White "Vurdelja, Slavko"]
[Black "Cvijanovic, Srecko"]
[Result "0-1"]
[WhiteElo "1914"]
[BlackElo "1774"]
[PlyCount "126"]
[EventDate "2017.02.23"]

1. e4 e6 2. d4 d5 3. Nc3 Nf6 4. e5 Nfd7 5. f4 c5 6. Nf3 Nc6 7. Be3 a6 8. Qd2 b5
9. dxc5 Bxc5 10. Ne2 Qb6 11. Ned4 g5 12. O-O-O g4 13. Ne1 Rb8 14. Be2 Na5 15.
b4 Nc4 16. Bxc4 bxc4 17. c3 a5 18. a3 axb4 19. cxb4 Bf8 20. Qc3 Qa6 21. Nec2
Nb6 22. Nc6 Ra8 23. Bxb6 Qxb6 24. N6d4 Rg8 25. g3 Bg7 26. Rhe1 f6 27. Nf5 Bh8
28. exf6 Kd7 29. Qe5 Bb7 30. Ng7 Ra6 31. f5 Bxg7 32. fxg7 Qd6 33. f6 Qxe5 34.
Rxe5 Ke8 35. Rf1 Kf7 36. Kb2 d4 37. Nxd4 Bd5 38. Re3 Rc8 39. Rc3 Be4 40. Rf4
Bg6 41. Nc2 e5 42. Rfxc4 Rxc4 43. Rxc4 Rxf6 44. Rc7+ Kg8 45. Ne3 Rf2+ 46. Kc1
h5 47. a4 Rxh2 48. Nd5 Bf7 49. Ne3 Kxg7 50. Kd1 Ra2 51. b5 Ra3 52. Kd2 Rb3 53.
Nf5+ Kf6 54. Ne3 e4 55. Nd1 Rxg3 56. b6 h4 57. Nc3 e3+ 58. Kd1 Bc4 59. Ne4+ Kg6
60. Nxg3 hxg3 61. Re7 g2 62. Rxe3 g1=Q+ 63. Kd2 Qf2+ 0-1

[Event "10. OSIJEK OPEN"]
[Site "Osijek"]
[Date "2017.02.24"]
[Round "4.17"]
[White "Biljcevic, Miodrag"]
[Black "Golubicic, Luka"]
[Result "1/2-1/2"]
[WhiteElo "1780"]
[BlackElo "1913"]
[PlyCount "95"]
[EventDate "2017.02.23"]

1. d4 d5 2. c4 Nc6 3. e3 Nf6 4. Nc3 a6 5. h3 g6 6. Nf3 Bg7 7. cxd5 Nxd5 8. Bc4
Nb6 9. Bb3 O-O 10. O-O Na5 11. Bc2 Nd5 12. Bd2 Nb4 13. Bb1 Nc4 14. a3 Nxd2 15.
Qxd2 Nd5 16. Be4 Nb6 17. Qe2 c6 18. h4 Bg4 19. g3 h5 20. Kg2 Qc8 21. Rh1 e5 22.
dxe5 Nd7 23. Qc2 Bxf3+ 24. Bxf3 Nxe5 25. Be2 Qe6 26. Rad1 Rad8 27. b4 Nc4 28.
Qc1 Nd6 29. Bf3 Qb3 30. Nb1 Nb5 31. g4 hxg4 32. Bxg4 Rd5 33. Bf3 Rxd1 34. Bxd1
Qb2 35. Qxb2 Bxb2 36. a4 Nd6 37. h5 Kg7 38. Bc2 Rh8 39. hxg6 Rxh1 40. Kxh1 fxg6
41. Kg2 Kf6 42. f4 g5 43. fxg5+ Kxg5 44. Kf3 Kf6 45. Kf4 Nc4 46. Bd3 Nb6 47. b5
Nd5+ 48. Ke4 1/2-1/2

[Event "10. OSIJEK OPEN"]
[Site "Osijek"]
[Date "2017.02.24"]
[Round "4.18"]
[White "Lucan, Darko"]
[Black "Kajic, Josip"]
[Result "1/2-1/2"]
[WhiteElo "1900"]
[BlackElo "1733"]
[PlyCount "73"]
[EventDate "2017.02.23"]

1. e4 c6 2. d4 d5 3. e5 c5 4. c3 Nc6 5. Nf3 Bg4 6. Be2 e6 7. O-O Nge7 8. h3
Bxf3 9. Bxf3 Qb6 10. dxc5 Qxc5 11. Be2 Qb6 12. Na3 Ng6 13. Be3 Qc7 14. f4 Bxa3
15. bxa3 Nge7 16. Rb1 Nf5 17. Bf2 O-O 18. g4 Nfe7 19. Qd3 b6 20. c4 dxc4 21.
Qxc4 Rac8 22. Rbc1 Qb8 23. Qe4 Na5 24. Bd3 g6 25. Bh4 Nd5 26. Ba6 Nb7 27. Qf3
Rxc1 28. Rxc1 Nc5 29. Bc4 Nc7 30. Bf6 Qb7 31. Qxb7 Nxb7 32. Rd1 Nc5 33. Be7 Rc8
34. Bxc5 bxc5 35. a4 Kf8 36. Kf2 Ke7 37. Rd3 1/2-1/2

[Event "10. OSIJEK OPEN"]
[Site "Osijek"]
[Date "2017.02.24"]
[Round "4.19"]
[White "Sos, Fran"]
[Black "Ascic, Matos"]
[Result "1/2-1/2"]
[WhiteElo "1863"]
[BlackElo "1713"]
[PlyCount "49"]
[EventDate "2017.02.23"]

1. d4 Nf6 2. c4 d5 3. Nc3 c6 4. Nf3 e6 5. Qc2 Nbd7 6. e3 g6 7. b3 Bg7 8. Bd3
O-O 9. Ba3 Re8 10. O-O e5 11. dxe5 Nxe5 12. Nxe5 Rxe5 13. Bb2 Rg5 14. f4 Rh5
15. Be2 Bg4 16. Rad1 Qb6 17. Bc1 Re8 18. Na4 Qb4 19. cxd5 Bxe2 20. Qxe2 Nxd5
21. Qd3 Qe7 22. Rfe1 Qh4 23. h3 Nxf4 24. Qd7 Rhe5 25. Bb2 1/2-1/2

[Event "10. OSIJEK OPEN"]
[Site "Osijek"]
[Date "2017.02.24"]
[Round "4.20"]
[White "Slobodjanac, Sinisa"]
[Black "Vukajlovic, Zorana"]
[Result "1/2-1/2"]
[WhiteElo "1854"]
[BlackElo "1709"]
[PlyCount "151"]
[EventDate "2017.02.23"]

1. b4 e5 2. Bb2 Nf6 3. a3 d6 4. e3 Be7 5. c4 O-O 6. Nc3 Be6 7. Nf3 h6 8. Qc2
Nbd7 9. d4 exd4 10. Nxd4 Bg4 11. Nce2 Nb6 12. h3 Bd7 13. Ng3 d5 14. Ndf5 Nxc4
15. Bxc4 dxc4 16. Nxe7+ Qxe7 17. Qxc4 Be6 18. Qc3 Bc8 19. O-O Rd8 20. Rac1 c6
21. Rfd1 Ne8 22. Kh1 f6 23. Qc2 Nd6 24. Bd4 Be6 25. Bc5 Qc7 26. a4 a6 27. a5
Nc4 28. Ne2 Rxd1+ 29. Rxd1 Rd8 30. Nd4 Bf7 31. Kg1 Kh8 32. Qc3 Qe5 33. Re1 Re8
34. Ne2 Qxc3 35. Nxc3 Rd8 36. Bd4 Na3 37. Rc1 Bb3 38. Ne4 Nc2 39. Nc5 Nxd4 40.
exd4 Ba2 41. Rd1 Rb8 42. f3 Bc4 43. Rc1 Bb5 44. Rc2 Kg8 45. Rd2 Bc4 46. Kf2 Kf7
47. f4 Ke7 48. f5 b6 49. axb6 Rxb6 50. Rd1 Rxb4 51. Ra1 Rb2+ 52. Kf3 Rd2 53.
Re1+ Kf7 54. Ke3 Rxg2 55. Rb1 Bb5 56. Kf3 Rc2 57. Ne4 Ke7 58. Rg1 Kf8 59. Re1
Bc4 60. Nd6 Bd5+ 61. Kg3 Rc3+ 62. Kh4 Bf7 63. Ra1 Rd3 64. Nxf7 Kxf7 65. Rxa6
Rxd4+ 66. Kh5 c5 67. Ra7+ Kf8 68. Kg6 Rd5 69. Rc7 Rd3 70. Rc8+ Ke7 71. Rxc5
Rg3+ 72. Kh7 Kf8 73. Rc8+ Kf7 74. Rc7+ Kf8 75. Rc8+ Kf7 76. Rc7+ 1/2-1/2

[Event "10. OSIJEK OPEN"]
[Site "Osijek"]
[Date "2017.02.24"]
[Round "4.21"]
[White "Dzaferovic, Emir"]
[Black "Vidakovic, Mato"]
[Result "1-0"]
[WhiteElo "1733"]
[BlackElo "1838"]
[PlyCount "73"]
[EventDate "2017.02.23"]

1. e4 e5 2. Nf3 Nc6 3. Bb5 a6 4. Ba4 b5 5. Bb3 Bc5 6. c3 d6 7. h3 Nf6 8. d3 O-O
9. Bg5 h6 10. Bh4 Be6 11. d4 exd4 12. cxd4 Bxb3 13. axb3 g5 14. dxc5 gxh4 15.
cxd6 cxd6 16. O-O Re8 17. Qc1 Ne5 18. Qxh6 Nxe4 19. Nxh4 Re6 20. Qf4 Nc5 21.
Rd1 Qf6 22. Qxf6 Rxf6 23. Nc3 b4 24. Nd5 Rh6 25. Nf5 Rh5 26. Nf6+ Kf8 27. Nxh5
Nxb3 28. Ra4 a5 29. Rxd6 Nc4 30. Rh6 f6 31. Rh8+ Kf7 32. Rxa8 Nxb2 33. R4xa5
Nxa5 34. Rxa5 Nd3 35. Rb5 Ke6 36. Nhg7+ Kd7 37. Rd5+ 1-0

[Event "10. OSIJEK OPEN"]
[Site "Osijek"]
[Date "2017.02.24"]
[Round "4.22"]
[White "Dragicevic, Ivica"]
[Black "Mutapcic, Ilija"]
[Result "0-1"]
[WhiteElo "1655"]
[BlackElo "1817"]
[PlyCount "86"]
[EventDate "2017.02.23"]

1. Nf3 Nf6 2. c4 d5 3. cxd5 Nxd5 4. Nc3 e6 5. e4 Nxc3 6. bxc3 Be7 7. d4 O-O 8.
Be2 b6 9. O-O Bb7 10. Qc2 Nd7 11. a4 a5 12. Rd1 Rc8 13. Be3 h6 14. c4 Bg5 15.
Nxg5 hxg5 16. f3 Qe7 17. Qd2 f6 18. d5 exd5 19. cxd5 Qd6 20. Rac1 Rfe8 21. Bf2
Kf7 22. Bb5 Re7 23. Rc2 Ne5 24. Rdc1 Ng6 25. Be3 g4 26. Qf2 Rh8 27. Qg3 Ne5 28.
Bf4 gxf3 29. gxf3 Rh5 30. h4 Qd8 31. Rg2 g5 32. Kf2 Qh8 33. Bxe5 fxe5 34. hxg5
Kg6 35. Rcg1 Rf7 36. Qg4 Bc8 37. Qxh5+ Qxh5 38. Be8 Qxf3+ 39. Ke1 Qxe4+ 40. Kd2
Qxd5+ 41. Kc1 Bf5 42. Bxf7+ Qxf7 43. Kb2 Qc4 0-1